000 01147cam a22002894a 4500
001 12943298
003 NUST - PNEC
005 20170116181016.0
008 020924s2002 nyua 001 0 eng
010 _a 2002514057
020 _a007219510X
040 _cLIBRARY
082 0 0 _a621.3821 CAR
100 1 _aCarty, Glen.
245 1 0 _aBroadband networking /
_cGlen Carty.
260 _aNew York :
_bMcGraw-Hill/Osborne,
_cc2002.
300 _axviii, 461 p. :
_bill. ;
_c24 cm.
440 0 _aNetwork professional's library
500 _aIncludes "Network professional library broadband networking" (network bluebrints and diagrams) on 8 p. of plates.
500 _aIncludes index.
650 0 _aBroadband communication systems.
_xEL, Comm
856 4 1 _3Table of contents
_uhttp://www.loc.gov/catdir/toc/mh031/2002514057.html
856 4 2 _3Publisher description
_uhttp://www.loc.gov/catdir/description/mh031/2002514057.html
906 _a7
_bcbc
_corignew
_d2
_encip
_f20
_gy-gencatlg
942 _2ddc
_cBK
999 _c67275
_d67275